Abordaje etnolingüístico de la lengua Qom, Toba

Uloženo v:
Podrobná bibliografie
Hlavní autor: Hachén, Rodolfo Raúl (Autor)
Médium: Kniha
Jazyk:španělština
Vydáno: Rosario Del Revés Servicios Gráficos 2006
Vydání:2a. ed
Témata:
Tagy: Přidat tag
Žádné tagy, Buďte první, kdo vytvoří štítek k tomuto záznamu!

MARC

LEADER 00000nam a2200000 a 4500
001 UCI6044
003 CL-VaPUC
008 080418e20060000AG |||||||||||||||||spa|d
020 |a 9789870524816 
082 0 4 |a 498.382  |b HAC  |2 21 
100 |a Hachén, Rodolfo Raúl  |e author  |9 528744 
245 1 0 |a Abordaje etnolingüístico de la lengua Qom, Toba 
250 |a 2a. ed 
300 |a 258 p 
942 |c BK 
945 |d 20080418 00:00:00  |a rbrito 
260 |a Rosario  |b Del Revés Servicios Gráficos  |c 2006 
650 7 |a LENGUA QOM  |2 CL-VaPUC  |9 528745 
650 0 |a Bilingüismo  |9 307482 
650 0 |a Etnolingüística  |9 341076 
650 7 |a LENGUA GUARANI  |2 CL-VaPUC  |9 461539 
650 0 |a Enseñanza de idiomas  |9 339820 
651 0 |a Paraguay  |9 255336 
583 |a last modification  |c 20080418 00:00:00  |k Rodrigo Vera 
999 |c 329647  |d 329645 
952 |0 0  |1 0  |4 0  |6 498_382000000000000_HAC_2006  |7 0  |8 A  |9 414600  |a FDOPOS  |b FDOPOS  |d 2019-11-22  |i 4431944  |o 498.382 HAC 2006  |p 4431944  |r 2025-01-22  |w 2019-11-22  |y BK  |k MLA